Statistical calibration of climate system properties /

Gespeichert in:
Bibliographische Detailangaben
1. Verfasser: Sanso, Bruno
Weitere Verfasser: Forest, Chris.
Format: Artikel
Sprache:English
Schlagworte:
Tags: Tag hinzufügen
Keine Tags, Fügen Sie den ersten Tag hinzu!
Thư viện lưu trữ: Thư viện Trường Đại học Đà Lạt
LEADER 00855nam a2200289 4500
001 DLU110129439
005 ##20111223
040 # # |a DLU  |b eng 
041 # # |a eng 
044 # # |a us 
100 # # |a Sanso, Bruno 
245 # # |a Statistical calibration of climate system properties /  |c Bruno Sanso, Chris Forest. 
653 # # |a Bayesian methods 
653 # # |a Climate change 
653 # # |a Climate sensitivity 
653 # # |a Model calibration 
700 # # |a Forest, Chris.  
773 # # |t Journal of the Royal Statistical Society  |g Vol. 58, no. 4 (September 2009), p. 485-503 
920 # # |a Phòng Tạp chí -- Trung tâm Thông tin - Thư viện Trường Đại học Đà Lạt 
994 # # |a DLU 
900 # # |a True 
911 # # |a Trương Bảo Trâm Anh 
925 # # |a G 
926 # # |a A 
927 # # |a BB 
980 # # |a Thư viện Trường Đại học Đà Lạt